بعل هداد : (رقم التسجيلة. 286)
[ عرض عادي ]
| 000 -الفاتح | |
|---|---|
| عناصر البيانات ثابتة الطول | 00654cam a2200181 i 4500 |
| 005 - تاريخ ووقت آخر معاملة | |
| حقل ضبط | 20251113084445.0 |
| 008 - عناصر البيانات ثابتة الطول | |
| عناصر البيانات ثابتة الطول | 250721s1993 xx gr 000 0 ara d |
| 082 14 - رقم تصنيف ديوي العشري | |
| رقم التصنيف | 209.561 |
| رقم المادة | ح س ن |
| 100 1# - مدخل رئيسي – اسم شخصي | |
| الاسم الشخصي | حداد، حسني. |
| علاقة الشخص بالعمل/ دوره | مؤلف. |
| 245 10 - بيان العنوان | |
| العنوان | بعل هداد : |
| بقية العنوان | دراسة في التاريخ الديني السوري / |
| بيان المسؤولية | د.حسني حداد، د.سليم مجاعص. |
| 250 ## - بيان الطبعة | |
| بيان الطبعة | الطبعة الاولى. |
| 264 31 - بيانات النشر، التوزيع…إلخ | |
| اسم الناشر، الموزع...إلخ | دار امواج، |
| تاريخ النشر، التوزيع...إلخ | 1993. |
| مكان النشر، التوزيع...إلخ | {غير معرف}. |
| 300 ## - الوصف المادي | |
| عدد الوحدات المكونة للوعاء | 246 صفحة. |
| 650 17 - مدخل إضافي بالموضوع - مصطلح موضوعي | |
| مصطلح موضوعي أو اسم جغرافي كعنصر مدخل | تاريخ سورية القديم. |
| 700 1# - مدخل إضافي - اسم شخصي | |
| الاسم الشخصي | مجاعص، سليم. |
| علاقة الشخص بالعمل/ دوره | مؤلف. |
| 942 ## - بيانات إضافية (كوها) | |
| نوع التنصيف | Dewey Decimal Classification |
| نوع المادة (كوها) | كتب |
| حالة السحب | حالة الفقدان | مصدر التصنيف | حالة التلف | غير قابل للإعارة | المكتبة الرئيسية | المكتبة الحالية | موقع الرف | تاريخ التزويد | الرقم المتسلسل | Total Checkouts | رقم الإستدعاء | الباركود | تاريخ آخر ظهور | تاريخ الفاتورة | نوع المادة (كوها) |
|---|---|---|---|---|---|---|---|---|---|---|---|---|---|---|---|
| Dewey Decimal Classification | المكتبة المركزية | المكتبة المركزية | الإعارة | 06/07/2004 | 177314 | 209.561 / ح س ن | 177314 | 28/07/2025 | 06/07/2004 | كتب |